Statistics for Top 10 Fast Food Restaurants

Click here to take the quiz!

General Stats

  • This quiz has been taken 180 times
  • The average score is 6 of 10

Answer Stats

Hint Answer % Correct
"I'm lovin' it."McDonald's
97%
"It's finger lickin' good."KFC
90%
"Eat fresh."Subway
77%
"Have it your way."Burger King
77%
"Live Mas"TacoBell
72%
"This is how you Sonic."Sonic
59%
"Now that's better."Wendy's
55%
"Pizza, pizza."Little Caesars
32%
"Eat mor chikin."Chik-Fil-A
18%
"Indescribably good."Zaxby's
5%

Score Distribution

Percentile by Number Answered

Percent of People with Each Score

Your Score History

You have not taken this quiz